[Event "Mittelrhein Verbandsliga-M 16/17"]
[Site "Nordrheinwestfalen"]
[Date "2017.03.19"]
[Round "9.5"]
[White "Kaiser, Jens"]
[Black "Wolff, Michael"]
[Result "0-1"]
[WhiteElo "1569"]
[BlackElo "1982"]
[PlyCount "87"]
[EventDate "2016.09.11"]
[EventType "team-tourn"]
[EventRounds "11"]
[EventCountry "GER"]
[SourceTitle "EXT 2022"]
[Source "ChessBase"]
[SourceDate "2021.10.06"]
[SourceVersion "1"]
[SourceVersionDate "2021.10.06"]
[SourceQuality "1"]
[WhiteTeam "Porz SG V"]
[BlackTeam "Koeln Ford SF"]
[WhiteTeamCountry "GER"]
[BlackTeamCountry "GER"]

1. e4 c5 2. Nf3 Nc6 3. d4 cxd4 4. c3 d5 5. exd5 Qxd5 6. cxd4 e6 7. Nc3 Qd8 8. Bc4 Nf6 9. 0-0 Be7 10. Bf4 0-0 11. a3 a6 12. d5 exd5 13. Nxd5 Nxd5 14. Bxd5 Be6 15. Bxc6 bxc6 16. Qa4 Qb6 17. b4 a5 18. bxa5 Rxa5 19. Qe4 Bf6 20. Be5 Bd5 21. Qf4 Bxe5 22. Nxe5 Qa7 23. Qg3 Ra8 24. a4 Rxa4 25. Rxa4 Qxa4 26. Nd7 Bc4 27. Re1 Qb3 28. Qe5 Be6 29. Ra1 Rxa1+ 30. Qxa1 Qb7 31. Nc5 Qc8 32. Qe5 h6 33. h3 Bd5 34. Qd6 Qf8 35. Qxf8+ Kxf8 36. g3 Ke7 37. f4 Kd6 38. Nd3 c5 39. Kf2 c4 40. Nb4 Kc5 41. Nxd5 Kxd5 42. Ke3 Kc5 43. Kd2 Kd4 44. g4 0-1